00496nam a22001457a 4500020002200000082002100022100001600043245009600059260005700155300001400212650001800226650002400244650006300268650001900331 a978-81-19443-59-8 a342.023bADH/I.2 aAdharsh Raj aIndian baranasamvidanavum baranagadanayum malsarapareekshakalil (Part-II)/cby Adharsh Raj. aKozhikode: bPavanatma Publishers Pvt. Ltd., c2024. a657-754p. aIndian Polity aIndian Constitution aUPSC Civil Service, KAS, SSC, PSC, RRB - Examination Guide aSocial Science